A Rede Nacional de Escolas Promotoras de Saúde (Registo nº 733)

Detalhes MARC
000 -Etiqueta do registo
Cabeçalho 01790nam0a22003011 4500
005 - Identificador da versão
Campo de controlo 20240813121811.0
010 ## - Número internacional normalizado dos livros (ISBN)
Número (ISBN) 9727830617
021 ## - Número do Depósito Legal
Código do país PT
Número 170 122/01
035 ## - Other System Control Numbers
System Control Number 0000803
System Control Number 0000798
System Control Number 0000791
System Control Number 0000779
100 ## - Dados gerais de processamento
Dados gerais de processamento 20071022d a e0pory5003 ba
102 ## - Pais de publicação ou produção
País de publicação Portugal
101 0# - Língua de publicação
Língua do texto, banda sonora, etc. Português
Língua do documento no original Português
106 ## - Campo de dados codificados: material textual
Dados codificados do material textual r
105 ## - Campo de dados codificados: livros
Dados codificados dos livros y z 001yy
215 ## - Descrição física 
Indicação específica da natureza do documento e extensão da espécie 74 p.
Dimensões cm
200 1# - Titulo e menção de responsabilidade
Título próprio A Rede Nacional de Escolas Promotoras de Saúde
Primeira menção de responsabilidade Isabel Loureiro
Outras menções de responsabilidade Alice Costa, Ana Paula Marques, Gregória von Amann, Conceição Berbardes, Engrácia Antunes e José Serrano
205 ## - Menção da edição
Menção da edição 1ª ed
210 ## - Publicação, Distribuição, etc. 
Lugar da edição, distribuição, etc. Mem Martins
Nome do editor, distribuidor, etc. CCPES
675 ## - Classificação Decimal Universal (CDU)
Notação 37-014
701 #1 - Nome de autor-pessoa física (co-responsabilidade principal)
Código de função Colaborador
700 #1 - Nome de autor-pessoa física (responsabilidade principal)
Número de registo de entrada de autoridade 0001003
Palavra de ordem Loureiro
942 ## - Elementos de entrada adicionados (Koha)
Tipo de item no Koha Livro
Exemplares
Situação do levantamento Origin of item (home branch) (coded) Biblioteca de empréstimo Código de barras Circulation type (not for loan) Tipo de documento Nota do exemplar Damaged status
  Biblioteca Escolar Eng. Nuno Mergulhão Biblioteca Escolar Eng. Nuno Mergulhão BENM1262   Livro Sem mensagem